Light & Heavy Vehicle Technology (Record no. 245845)

MARC details
000 -LEADER
fixed length control field 00478nam a2200193Ia 4500
008 - FIXED-LENGTH DATA ELEMENTS--GENERAL INFORMATION
fixed length control field 240913s9999||||xx |||||||||||||| ||und||
020 ## - INTERNATIONAL STANDARD BOOK NUMBER
International Standard Book Number 978-81-312-2025-2
082 ## - DEWEY DECIMAL CLASSIFICATION NUMBER
-- 629.223 P9
100 ## - MAIN ENTRY--PERSONAL NAME
Personal name Nunney M,J
245 #0 - TITLE STATEMENT
Title Light & Heavy Vehicle Technology
250 ## - EDITION STATEMENT
Edition statement 4th
260 ## - PUBLICATION, DISTRIBUTION, ETC. (IMPRINT)
Date of publication, distribution, etc 2009
Name of publisher, distributor, etc Els
Place of publication, distribution, etc Japan
500 ## - GENERAL NOTE
General note REFERENCE
650 ## - SUBJECT ADDED ENTRY--TOPICAL TERM
Topical term or geographic name as entry element Vehicle Technology
942 ## - ADDED ENTRY ELEMENTS (KOHA)
Item type Reference
Holdings
Withdrawn status Lost status Damaged status Permanent location Current location Shelving location Date acquired Source of acquisition Cost, normal purchase price Full call number Barcode Date last seen Koha item type
      CENTRAL LIBRARY, NOORUL ISLAM CENTRE FOR HIGHER EDUCATION CENTRAL LIBRARY, NOORUL ISLAM CENTRE FOR HIGHER EDUCATION   09/25/2009 Tamil Nadu Book House 1395.00 629.223 P9 35105 09/13/2024 Reference
Visitors:
Copyright © 2024 Central Library NICHE.  All rights reserved.